000 00490nam a22001817a 4500
003 MPLRDC
005 20220104164517.0
008 210129b ||||| |||| 00| 0 eng d
020 _a1-84309-553-X
082 _a992.77 CRE
100 _aMALCOLM CREASEY, NEGEL SHENHERD, NICK BANKS, NEIF GRESHAM AND RAY WOOD
245 _aTHE COMPLETE ROCK CLIMBER
_c
250 _a1ST ED.
260 _aENGLAND
_bHERMES HOUSE
_c2006
300 _b256
650 _aCLIMBING
942 _cBK
_o992.77 CRE
999 _c57019
_d57009